000 00803nam a2200169 a 4500
008 120416s2000 ||||||||||||||||| || u
020 _a0074603221
050 _aQH 345 Ras
100 _aRastogi, S. C
245 1 0 _aBiochemistry
260 _aNew Delhi
_bTata McGraw-Hill
_c2000
350 _a0.00
650 _aBIOCHEMISTRY
995 _aMAIN LIBRARY OPEN ACCESS
_D0.00
_e732162
_FCBU-MAIN LIBRARY (Kitwe)
_H1
_I25.00
_jQH 345 Ras
_M1
_UAVAILABLE
_WAug 24, 2006
_y029975
_ZMain Library Open Access Collection
995 _aBINDERY (DAMAGED)
_D0.00
_e732161
_FCBU-MAIN LIBRARY (Kitwe)
_H2
_I25.00
_jQH 345 Ras
_M2
_UDAMAGED
_y029976
_ZMain Library Open Access Collection
995 _aBINDERY (DAMAGED)
_D0.00
_e732163
_FCBU-MAIN LIBRARY (Kitwe)
_H3
_I25.00
_jQH 345 Ras
_M3
_UDAMAGED
_y029974
_ZMain Library Open Access Collection
999 _c84634
_d84634